000 02540nam a2200457 i 4500
001 83813
003 ES-MaACL
005 20250831063035.0
007 t|
008 041118e19221926sp abc||r 001 0dspa
040 _cES-MaACL
080 _a929 Elcano, Juan Sebastián de
080 _a910(091)
080 _a523/524(091)
080 _a910.4(091)
080 _a910.4(100)"15"
100 1 _aIspizua, Segundo de,
_d1869-1924
_eaut
_965593
245 1 0 _aHistoria de la geografía y de la cosmografía :
_ben las Edades Antigua y Media con relación a los grandes descubrimientos marítimos realizados en los siglos XV y XVI por españoles y portugueses /
_cpor Segundo de Ispizua
260 _aMadrid :
_bGráficas Reunidas, S. A.,
_c[1922-1926]
300 _a2 volúmenes :
_bilustraciones (blanco y negro), mapas, retratos ;
_c28 cm
500 _aÍndice
504 _aBibliografía
505 0 _aVol. 1. Partes primera y segunda (XVI, 536 páginas) - v. 2. Partes tercera y cuarta (XV, 411 páginas)
505 0 _aVol. 1. Parte primera: La Geografía en la Edad Antigua; Parte segunda: La Geografía en la Edad Media - v. 2. Parte tercera: La conquista y el dominio del mar; Parte cuarta: Hemisferio occidental
530 _aDisponible en formato digital
594 _aPrecede al título: "La primera vuelta al mundo. IV Centenario: 1522-1922"
594 _aEn portada: "Obra que se escribe por encargo de la Junta de Cultura de la Excma. Diputación de Vizcaya, y por designación, a petición de ella, de la Real Academia de la Historia, para enaltecer a Juan Sebastián de Elcano y a los que con él dieron los Primeros la Vuelta al Mundo, ilustrada con numerosos Mapas Históricos, algunos de ellos reproducidos por primera vez de ediciones rarísimas"
600 1 4 _aElcano, Juan Sebastián de,
_dca. 1476-1526
_9126923
650 4 _aGeografía-
_vHistoria
_9171842
650 4 _aCosmografía-
_vHistoria
_9157219
650 4 _aDescubrimientos geográficos-
_vHistoria
_911830
650 4 _aViajes alrededor del mundo-
_yS.XVI
_917781
710 2 _aGráficas Reunidas, S.A. (Madrid)
_eedt
_9242139
740 3 2 _aLa primera vuelta al mundo. IV Centenario: 1522-1922
752 _aEspaña -
_dMadrid
852 4 _aES-MaACL
_cSPB
_jB-796-97
_zRevisado enlace: 31 de julio de 2025
856 4 _uhttp://bdh-rd.bne.es/viewer.vm?id=0000081681&page=1
_yVersión en línea
_z(Biblioteca Digital Hispánica)
942 _cMONOGRAFIA
_n0
999 _c83813
_d83813